00977cam a2200241 450000100060000000300080000600500170001400800390003103500190007004000320008904100080012108200220012911101460015124501150029726000470041230000260045950400490048565000230053465000410055770000360059870000410063470000600067531120BD-RjUL20211209051649.0140413s1948 nyu b 101 0 eng a(BD-RjUL)31207 aDLCcDLCdDLCdBD-RjULbeng aeng a327.172bLEA 19482 aConference on Science, Philosophy and Religion in Their Relation to the Democratic Way of Life,n8th,cAmerican Philosophical Society,d1947.10aLearning and world peace :beighth symposium /cEdited by Lyman Bryson, Louis Finkelstein [and] R. M. MacIver. aNew York :bDisbributed by Harper,cc1948. axix, 694 p. ;c22 cm. aIncludes bibliographical references & Index. 0aPeacevCongresses. 0aInternational educationvCongresses.1 aBryson, Lyman,d1888-1959,eed.1 aFinkelstein, Louis,d1895-1991,eed.1 aMacIver, Robert M.q(Robert Morrison),d1882-1970,eed.